|
|
|
|
| LEADER |
00779nam a2200193 i 4500 |
| 001 |
acta64677 |
| 005 |
20240603134423.0 |
| 008 |
191202s2011 hu o 000 hun d |
| 020 |
|
|
|a 978-963-8302-41-0
|
| 040 |
|
|
|a SZTE Egyetemi Kiadványok Repozitórium
|b hun
|
| 041 |
|
|
|a hun
|
| 245 |
0 |
2 |
|a A kisebbség változó arca
|h [elektronikus dokumentum] :
|b válogatás az SZTE JGYPK kisebbségpolitika MA szakos hallgatók kisebbségszociológia kurzusra készített munkáiból
|
| 260 |
|
|
|a SZTE JGYPK Alkalmazott Társadalomismereti Tanszék
|b Szeged
|c 2011
|
| 300 |
|
|
|a 70
|
| 650 |
|
4 |
|a Társadalomtudományok
|
| 650 |
|
4 |
|a Szociológia
|
| 695 |
|
|
|a Kisebbségi politika
|
| 700 |
0 |
1 |
|a Laki Ildikó
|
| 856 |
4 |
0 |
|u http://acta.bibl.u-szeged.hu/64677/1/kisebbseg_valtozo_arca.pdf
|z Dokumentum-elérés
|